Comparability Analysis - The Cornerstone of Transfer Pricing

Problematika transferového oceňovania. Komparatívna analýza a jej spoľahlivé údaje. Štatistické nástroje na odstránenie chýb prostredníctvom analýzy. Pohľad domácich a zahraničných autorov na danú problematiku.

Enregistré dans:
Détails bibliographiques
Auteur principal: Hajniková, Tatiana
Format: Chapitre de livre
Langue:anglais
Sujets:
Tags: Ajouter un tag
Pas de tags, Soyez le premier à ajouter un tag!

MARC

LEADER 00000naa$a2200000$$$4500
001 0263418
005 20240502074201.8
041 0 |a eng 
044 |a SK 
245 1 0 |a Comparability Analysis - The Cornerstone of Transfer Pricing  |c Tatiana Hajniková 
520 |a Problematika transferového oceňovania. Komparatívna analýza a jej spoľahlivé údaje. Štatistické nástroje na odstránenie chýb prostredníctvom analýzy. Pohľad domácich a zahraničných autorov na danú problematiku. 
610 2 0 |a oceňovanie transferové 
610 2 0 |a analýza komparatívna 
610 2 0 |a metódy štatistické 
610 2 0 |a hodnota podniku 
100 1 |a Hajniková, Tatiana